[Event "23. Open Cappelle la Grande 2007"]
[Site "Cappelle la Grande FRA"]
[Date "2007.03.10"]
[Round "9.7"]
[White "Drozdovskij, Yuri"]
[Black "Georgiev, Vladimir"]
[Result "1-0"]
[WhiteElo "2562"]
[BlackElo "2529"]
[PlyCount "117"]
[EventDate "2007.03.03"]
[EventType "swiss"]
[EventRounds "9"]
[EventCountry "FRA"]
[Source "lmi"]
[SourceDate "2007.03.03"]

1. d4 d5 2. c4 c6 3. Nf3 Nf6 4. e3 Bg4 5. h3 Bxf3 6. Qxf3 e6 7. Nc3 Nbd7 8. Bd2
Bb4 9. Bd3 O-O 10. a3 Bd6 11. O-O dxc4 12. Bxc4 e5 13. Ba2 exd4 14. exd4 Qb6
15. Qd3 Rad8 16. Rfe1 Bb8 17. Be3 Qa5 18. Rad1 Nb6 19. Bd2 Qh5 20. Re7 Qh4 21.
Rxb7 c5 22. Re1 c4 23. Qf5 Qxd4 24. Bg5 Rfe8 25. Rxe8+ Rxe8 26. Be3 Qd6 27. Kf1
Qh2 28. Bb1 Qh1+ 29. Ke2 Qxg2 30. Be4 Qg6 31. Qb5 Qh5+ 32. Qxh5 Nxh5 33. Bc6
Rf8 34. Kf3 Nf6 35. Nb5 c3 36. Nxc3 Nc4 37. Ba4 Nxe3 38. fxe3 h5 39. Bb3 g5 40.
Bxf7+ Rxf7 41. Rxb8+ Kg7 42. Ke2 h4 43. Rd8 Kg6 44. Rd4 Rc7 45. Rd6 Rd7 46.
Rxd7 Nxd7 47. Ne4 Ne5 48. b4 Nc4 49. a4 Kf5 50. Nf2 a6 51. a5 Nd6 52. Kf3 Nc4
53. e4+ Ke5 54. Kg4 Kd4 55. Kxg5 Ke3 56. e5 Kxf2 57. e6 Kg3 58. e7 Nd6 59. b5
1-0

[Event "23. Open Cappelle la Grande 2007"]
[Site "Cappelle la Grande FRA"]
[Date "2007.03.10"]
[Round "9.10"]
[White "Vovk, Andrey"]
[Black "Yemelin, Vasily"]
[Result "0-1"]
[WhiteElo "2487"]
[BlackElo "2539"]
[PlyCount "166"]
[EventDate "2007.03.03"]
[EventType "swiss"]
[EventRounds "9"]
[EventCountry "FRA"]
[Source "lmi"]
[SourceDate "2007.03.03"]

1. e4 e5 2. Nf3 Nc6 3. Bb5 Nf6 4. d3 d6 5. c3 g6 6. Bg5 Bg7 7. Nbd2 O-O 8. Nf1
h6 9. Bh4 Ne7 10. Ne3 Nh5 11. O-O c6 12. Bc4 g5 13. Bg3 Nxg3 14. hxg3 d5 15.
Bb3 f5 16. exf5 Nxf5 17. Qe2 Re8 18. Rae1 Nxe3 19. Qxe3 Bf5 20. Nd2 Qb6 21. Qe2
a5 22. a4 Kh8 23. g4 Bg6 24. g3 Re7 25. Kg2 Rae8 26. Qe3 d4 27. Qf3 e4 28. Qd1
exd3 29. Rxe7 Rxe7 30. Re1 Qd8 31. cxd4 Bxd4 32. Bc4 Bf6 33. Rxe7 Qxe7 34. Qf3
Qd8 35. Ne4 Bxb2 36. Bxd3 Bg7 37. Qe2 Qd5 38. f4 Bf7 39. Kh3 Bd4 40. Qf1 Kg7
41. Qc1 gxf4 42. Qxf4 Be5 43. Qe3 Bg6 44. g5 h5 45. Bc2 Qe6+ 46. Kg2 Qc4 47.
Nf2 Qd4 48. Qe2 Bf7 49. Kh3 Be6+ 50. Kg2 Bf7 51. Kh3 Qd5 52. Be4 Qe6+ 53. Kg2
Bd4 54. Qf3 Qa2 55. g6 Be6 56. Kf1 Qxf2+ 57. Qxf2 Bxf2 58. Kxf2 Bb3 59. Ke3
Bxa4 60. Kd4 b6 61. Kc4 Bb5+ 62. Kb3 c5 63. Bc2 Kf6 64. Be4 Be8 65. Bd3 Bxg6
66. Be2 Bf7+ 67. Kc3 Ke5 68. Bd3 Be8 69. Kc4 Kd6 70. Be2 b5+ 71. Kc3 Kc6 72.
Bf3+ Kb6 73. Be2 b4+ 74. Kb3 Bf7+ 75. Ka4 Be8+ 76. Kb3 a4+ 77. Kb2 Bf7 78. Bd3
c4 79. Bf5 Kc5 80. g4 c3+ 81. Kb1 hxg4 82. Bxg4 Bg6+ 83. Ka1 c2 0-1

[Event "23. Open Cappelle la Grande 2007"]
[Site "Cappelle la Grande FRA"]
[Date "2007.03.10"]
[Round "9.13"]
[White "Fedorchuk, Sergey A"]
[Black "Moroz, Alexander"]
[Result "1-0"]
[WhiteElo "2601"]
[BlackElo "2507"]
[PlyCount "83"]
[EventDate "2007.03.03"]
[EventType "swiss"]
[EventRounds "9"]
[EventCountry "FRA"]
[Source "lmi"]
[SourceDate "2007.03.03"]

1. e4 c5 2. Nf3 e6 3. d4 cxd4 4. Nxd4 a6 5. Be2 Nf6 6. Nc3 Bb4 7. Qd3 d5 8. e5
Ne4 9. O-O Bxc3 10. bxc3 Qc7 11. c4 O-O 12. Ba3 Re8 13. Qe3 Nd7 14. f3 Nec5 15.
cxd5 exd5 16. f4 b6 17. Rad1 Nf6 18. Nb3 Nxb3 19. cxb3 Bf5 20. Rc1 Qb7 21. Qd4
Ne4 22. Bb2 f6 23. Bh5 Re7 24. Ba3 Rd7 25. g4 Be6 26. Bb2 f5 27. gxf5 Bxf5 28.
Kh1 Re7 29. Rg1 Re6 30. Bg4 Rf8 31. Ba3 Bxg4 32. Rxg4 Rf5 33. Rcg1 g6 34. h3
Kg7 35. Bc1 h5 36. R4g2 a5 37. Kh2 Kh7 38. Rd1 g5 39. fxg5 Rfxe5 40. g6+ Kg8
41. Rf1 Qc8 42. g7 1-0

[Event "23. Open Cappelle la Grande 2007"]
[Site "Cappelle la Grande FRA"]
[Date "2007.03.10"]
[Round "9.14"]
[White "Zinchenko, Yaroslav"]
[Black "Brodsky, Michail"]
[Result "0-1"]
[WhiteElo "2507"]
[BlackElo "2597"]
[PlyCount "154"]
[EventDate "2007.03.03"]
[EventType "swiss"]
[EventRounds "9"]
[EventCountry "FRA"]
[Source "lmi"]
[SourceDate "2007.03.03"]

1. e4 c6 2. d4 d5 3. exd5 cxd5 4. c4 Nf6 5. Nc3 e6 6. Nf3 Bb4 7. Bd3 dxc4 8.
Bxc4 O-O 9. O-O b6 10. Bg5 Bb7 11. Rc1 Nc6 12. a3 Be7 13. Re1 Rc8 14. Ba2 Nd5
15. Ne4 Bxg5 16. Nexg5 h6 17. Ne4 Nce7 18. Rxc8 Bxc8 19. Qd3 Ng6 20. g3 Bb7 21.
Bb1 Qc7 22. h4 Rd8 23. h5 Nf8 24. Ne5 Ne7 25. Qc3 Qb8 26. Nf3 Nf5 27. g4 Ne7
28. Qd2 Nd5 29. Ne5 f6 30. Nd3 Qc7 31. Ba2 Qd7 32. Ng3 Kh8 33. Rd1 Nh7 34. f4
Nc7 35. Nf2 e5 36. fxe5 fxe5 37. Nf5 Ng5 38. Qd3 Nf3+ 39. Kf1 exd4 40. b4 Ba6
41. Bc4 Ne5 42. Bxa6 Nxd3 43. Bxd3 Ne6 44. Nh3 Qd5 45. Kf2 Qb3 46. Rd2 Qc3 47.
Rd1 Rf8 48. Kg3 Qc7+ 49. Kh4 Qe5 50. Rf1 Rf7 51. Bc4 d3 52. Bxd3 Rd7 53. Rf3
Qe1+ 54. Ng3 Rd8 55. Be4 Rf8 56. Rd3 Qa1 57. Rd5 Qf6+ 58. g5 hxg5+ 59. Kg4 Qc3
60. Rd6 Qc8 61. Bf5 Qc4+ 62. Be4 Re8 63. Nf2 Qc7 64. Nf5 Qc1 65. Nh3 Qc4 66.
Ng3 Qc3 67. Bg6 Qe5 68. Rc6 Rd8 69. Ne4 Qd5 70. Rc1 Rf8 71. Re1 Qd7 72. Bf5
Rxf5 73. Kxf5 Nd4+ 74. Kxg5 Nf3+ 75. Kf4 Nxe1 76. Nhg5 Nd3+ 77. Ke3 Ne5 0-1

[Event "23. Open Cappelle la Grande 2007"]
[Site "Cappelle la Grande FRA"]
[Date "2007.03.10"]
[Round "9.15"]
[White "Golod, Vitali"]
[Black "Kharitonov, Aleksandr"]
[Result "1/2-1/2"]
[WhiteElo "2597"]
[BlackElo "2056"]
[PlyCount "42"]
[EventDate "2007.03.03"]
[EventType "swiss"]
[EventRounds "9"]
[EventCountry "FRA"]
[Source "lmi"]
[SourceDate "2007.03.03"]

1. d4 d5 2. c4 c6 3. Nf3 Nf6 4. e3 Bg4 5. Nc3 e6 6. h3 Bh5 7. g4 Bg6 8. Ne5
Nbd7 9. h4 dxc4 10. Nxg6 hxg6 11. Bxc4 Bb4 12. a3 Bxc3+ 13. bxc3 Nd5 14. g5
N7b6 15. Bf1 Nxc3 16. Qc2 Qd5 17. Rh3 Ne4 18. Bg2 Qa5+ 19. Kf1 Qc3 20. Qxc3
Nxc3 21. Bd2 Ncd5 1/2-1/2

[Event "23. Open Cappelle la Grande 2007"]
[Site "Cappelle la Grande FRA"]
[Date "2007.03.10"]
[Round "9.17"]
[White "Kryvoruchko, Yuriy"]
[Black "Czakon, Jakub"]
[Result "1-0"]
[WhiteElo "2592"]
[BlackElo "2485"]
[PlyCount "89"]
[EventDate "2007.03.03"]
[EventType "swiss"]
[EventRounds "9"]
[EventCountry "FRA"]
[Source "lmi"]
[SourceDate "2007.03.03"]

1. e4 c5 2. Nf3 d6 3. d4 cxd4 4. Nxd4 Nf6 5. Nc3 a6 6. Be3 e5 7. Nb3 Be7 8. Qd2
O-O 9. f3 Be6 10. O-O-O Nbd7 11. g4 b5 12. g5 b4 13. Ne2 Ne8 14. f4 a5 15. f5
a4 16. Nbd4 exd4 17. Nxd4 b3 18. Kb1 bxc2+ 19. Nxc2 Bb3 20. axb3 axb3 21. Na3
Ne5 22. h4 Ra4 23. Bb5 Rxe4 24. f6 gxf6 25. gxf6 Bxf6 26. Bg5 Rg4 27. Bh6 Ng7
28. h5 Bg5 29. Bxg5 Qxg5 30. Qxd6 Ne6 31. Qd5 Rg3 32. Qe4 Rc8 33. Rhf1 Nc5 34.
Qd5 Qxh5 35. Rc1 Qg6+ 36. Ka1 Ned3 37. Bxd3 Rxd3 38. Qe5 f6 39. Rxf6 Qg2 40.
Rf5 h6 41. Qe7 Rd7 42. Qe3 Rd3 43. Qxh6 Rg3 44. Rfxc5 Rxc5 45. Rxc5 1-0

[Event "23. Open Cappelle la Grande 2007"]
[Site "Cappelle la Grande FRA"]
[Date "2007.03.10"]
[Round "9.18"]
[White "Rozentalis, Eduardas"]
[Black "Jaracz, Pawel"]
[Result "1-0"]
[WhiteElo "2582"]
[BlackElo "2483"]
[PlyCount "119"]
[EventDate "2007.03.03"]
[EventType "swiss"]
[EventRounds "9"]
[EventCountry "FRA"]
[Source "lmi"]
[SourceDate "2007.03.03"]

1. e4 c5 2. Nf3 e6 3. c3 Nf6 4. e5 Nd5 5. Bc4 d6 6. d4 cxd4 7. cxd4 Nb6 8. Bd3
dxe5 9. dxe5 Na6 10. Qe2 Nc5 11. Bc2 Nd5 12. O-O Bd7 13. Na3 Be7 14. Bd2 a5 15.
Rac1 O-O 16. h4 Bc6 17. Bb1 b6 18. Ng5 h6 19. Nh7 Re8 20. Qg4 Kh8 21. Qh5 Nb4
22. Ng5 Qxd2 23. Nc4 Qf4 24. g3 Bf3 25. Nxf3 g6 26. gxf4 gxh5 27. f5 Nd5 28. f6
Rg8+ 29. Kh2 Bf8 30. Rg1 Rg4 31. Rxg4 hxg4 32. Nd4 h5 33. Nb5 Bh6 34. Re1 Rd8
35. Nbd6 Kg8 36. Kg2 b5 37. Nxa5 Bd2 38. Nab7 Nxb7 39. Nxb7 Rb8 40. Rd1 Bb4 41.
a3 Bxa3 42. bxa3 Rxb7 43. Be4 Nf4+ 44. Kh2 Rb8 45. f3 gxf3 46. Kg3 Ne2+ 47.
Kxf3 Nc3 48. Rg1+ Kh8 49. Bc2 b4 50. axb4 Rxb4 51. Rg7 Nb5 52. Ke3 Nd4 53. Bd3
Rb7 54. Rh7+ Kg8 55. Kxd4 Rd7+ 56. Kc4 Rxd3 57. Rg7+ Kh8 58. Rxf7 Rd5 59. Re7
Rxe5 60. Re8+ 1-0

[Event "23. Open Cappelle la Grande 2007"]
[Site "Cappelle la Grande FRA"]
[Date "2007.03.10"]
[Round "9.19"]
[White "Gasanov, Eldar"]
[Black "Cyborowski, Lukasz"]
[Result "1-0"]
[WhiteElo "2477"]
[BlackElo "2580"]
[PlyCount "81"]
[EventDate "2007.03.03"]
[EventType "swiss"]
[EventRounds "9"]
[EventCountry "FRA"]
[Source "lmi"]
[SourceDate "2007.03.03"]

1. d4 Nf6 2. c4 e6 3. Nc3 d5 4. Bg5 dxc4 5. e4 c5 6. Nf3 cxd4 7. Nxd4 h6 8. Be3
a6 9. Bxc4 b5 10. Bb3 Nbd7 11. O-O Bb7 12. f3 Bc5 13. Qe2 Qe7 14. Rac1 O-O 15.
Rfd1 Rac8 16. Qf2 Rfd8 17. Nde2 Bxe3 18. Qxe3 Qc5 19. Kf2 Kf8 20. Nd4 Qe5 21.
h3 Nc5 22. Nce2 Kg8 23. Bc2 b4 24. Bb1 Nfd7 25. Rd2 a5 26. Rcd1 Ba6 27. Nb3
Nxb3 28. Qxb3 Qc7 29. Rc1 Nc5 30. Rxd8+ Qxd8 31. Qe3 Na4 32. Rxc8 Qxc8 33. Qd2
Qc5+ 34. Qd4 Qg5 35. f4 Qh4+ 36. g3 Qxh3 37. Qd8+ Kh7 38. e5+ g6 39. Bxg6+ Kxg6
40. Qg8+ Kf5 41. Ke3 1-0

[Event "23. Open Cappelle la Grande 2007"]
[Site "Cappelle la Grande FRA"]
[Date "2007.03.10"]
[Round "9.20"]
[White "Burmakin, Vladimir"]
[Black "Radulski, Julian"]
[Result "1/2-1/2"]
[WhiteElo "2568"]
[BlackElo "2475"]
[PlyCount "65"]
[EventDate "2007.03.03"]
[EventType "swiss"]
[EventRounds "9"]
[EventCountry "FRA"]
[Source "lmi"]
[SourceDate "2007.03.03"]

1. d4 d5 2. c4 e6 3. Nf3 Nf6 4. g3 Bb4+ 5. Bd2 Be7 6. Bg2 c6 7. O-O O-O 8. a4
Ne4 9. Nc3 Nxd2 10. Qxd2 Nd7 11. e4 Nf6 12. Ne5 Bb4 13. Qe3 Qa5 14. Rfc1 Rd8
15. c5 Bxc5 16. dxc5 d4 17. Nc4 Qc7 18. Qe1 dxc3 19. Qxc3 b6 20. b4 bxc5 21.
bxc5 Ba6 22. Qa5 Qxa5 23. Nxa5 Rac8 24. h3 Kf8 25. Rd1 Rd7 26. Rd6 Rxd6 27.
cxd6 e5 28. f4 Nd7 29. Bf1 Bxf1 30. Kxf1 f6 31. Rb1 Rb8 32. Ra1 Rc8 33. Ke2
1/2-1/2